[Event "Eger op"]
[Site "Eger"]
[Date "1993.??.??"]
[Round "8"]
[White "Zimmerman, Yuri"]
[Black "Seres, Lajos"]
[Result "0-1"]
[WhiteElo "2360"]
[BlackElo "2340"]

1.d4 Nf6 2.c4 g6 3.Nc3 Bg7 4.e4 d6 5.Nf3 O-O 6.Be2 e5 7.O-O Nc6 8.d5 Ne7
9.Ne1 Nd7 10.Be3 f5 11.f3 f4 12.Bf2 g5 13.a4 Nf6 14.c5 Ng6 15.Qb3 g4 16.cxd6 g3
17.hxg3 fxg3 18.Bxg3 cxd6 19.Bh2 Nh5 20.g3 Qg5 21.Kf2 Bh3 22.Rg1 Nf6 23.f4 exf4
24.gxf4 Qh4+ 25.Bg3 Nxe4+ 26.Nxe4 Bd4+ 27.Qe3 Bxe3+ 28.Kxe3 Qe7 29.Bd3 Bf5
30.Nf3 Rae8 31.Nd2 Kh8 32.Rh1 Qc7 33.Kf3 Qb6 34.Rae1 Qd4 35.Bb1 Qxd5 36.Kf2 Qd4+
37.Kg2 d5 38.Bf2 Nxf4+ 39.Kf1 Qg7 40.Ng3 Rxe1+ 41.Bxe1 Bxb1 42.Nxb1 Nd3+
43.Kg2 Rg8  0-1

[Event "Eger"]
[Site "Eger"]
[Date "1993.??.??"]
[Round "11"]
[White "Nickl, Klaus"]
[Black "Feher, Gyula"]
[Result "1/2-1/2"]
[WhiteElo "2220"]
[BlackElo "2380"]

1.d4 Nf6 2.c4 g6 3.Nc3 Bg7 4.e4 d6 5.Be2 O-O 6.Nf3 e5 7.O-O Nc6 8.d5 Ne7
9.Ne1 Ne8 10.Be3 f5 11.f3 f4 12.Bf2 g5 13.a4 h5 14.a5 Nf6 15.c5 Ng6 16.cxd6 cxd6
17.Nb5 g4 18.Bxa7 g3 19.Bb6 gxh2+  1/2-1/2

[Event "ESP-ch playoff"]
[Site "?"]
[Date "1993.??.??"]
[Round "1"]
[White "Garcia Ilundain, David"]
[Black "Romero Holmes, Alfonso"]
[Result "1/2-1/2"]
[WhiteElo "2480"]
[BlackElo "2440"]

1.d4 Nf6 2.Nf3 g6 3.c4 Bg7 4.Nc3 d6 5.e4 O-O 6.Be2 e5 7.O-O Nc6 8.d5 Ne7
9.Nd2 a5 10.a3 Nd7 11.Rb1 f5 12.b4 Kh8 13.Qc2 Nf6 14.f3 Nh5 15.c5 axb4 16.axb4 Nf4
17.Nc4 g5 18.Be3 Neg6  1/2-1/2

[Event "ESP-chT"]
[Site "?"]
[Date "1993.??.??"]
[Round "?"]
[White "Garcia Trobat, Francisco"]
[Black "Romero Holmes, Alfonso"]
[Result "0-1"]
[WhiteElo "2330"]
[BlackElo "2440"]

1.d4 Nf6 2.c4 g6 3.Nc3 Bg7 4.e4 d6 5.Nf3 O-O 6.Be2 e5 7.O-O Nc6 8.d5 Ne7
9.b4 Nh5 10.c5 Nf4 11.Bxf4 exf4 12.Qd2 Bg4 13.Nd4 Bd7 14.Rac1 g5 15.Ncb5 Be5
16.c6 bxc6 17.dxc6 Bc8 18.Rc3 Ng6 19.Ra3 a6 20.Nc3 g4 21.g3 f3 22.Bc4 Bxd4
23.Qxd4 Ne5 24.Bd5 Rb8 25.Rb1 Qg5 26.Nd1 Rb6 27.Rc3 h5 28.a4 h4 29.b5 Be6
30.a5 Rxb5 31.Rxb5 axb5 32.a6 hxg3 33.fxg3 Ra8 34.Ra3 Qc1 35.Ra1 Qc2 36.Ra2 Qc1
37.Ra1 Qc2 38.Ra2 Qd3 39.Qxd3 Nxd3 40.Ne3 Nb4 41.Rb2 Nxa6 42.e5 Bxd5 43.Nxd5 Nc5
44.exd6 Ra1+ 45.Kf2 Ne4+ 46.Ke3 Nxd6 47.Kf4 Ra4+ 48.Kg5 Kg7 49.Nxc7 f2 50.Rb1 Ne4+
51.Kh5 Nd2 52.Ne8+ Kf8 53.Nd6 Nxb1 54.c7 Ra8  0-1

[Event "ESP-chT"]
[Site "?"]
[Date "1993.??.??"]
[Round "?"]
[White "Gamundi, Antonio"]
[Black "Villavicencio, Adalberto"]
[Result "1/2-1/2"]
[WhiteElo "2440"]
[BlackElo "2360"]

1.d4 Nf6 2.c4 g6 3.Nc3 Bg7 4.e4 d6 5.Nf3 O-O 6.Be2 e5 7.O-O Nc6 8.d5 Ne7
9.Nd2 a5 10.a3 Nd7 11.Rb1 f5 12.b4 Kh8 13.Qc2 Ng8 14.exf5 gxf5 15.f4 axb4
16.axb4 exf4 17.Nf3 Ne5 18.Bxf4 Bd7 19.c5 Ra3 20.Nb5 Nxf3+ 21.Rxf3 Rxf3 22.gxf3 Bxb5
23.Bxb5 Bd4+ 24.Kh1 dxc5  1/2-1/2

[Event "ESP-chT"]
[Site "?"]
[Date "1993.??.??"]
[Round "?"]
[White "Acebal, J Maria"]
[Black "Medina, J."]
[Result "1/2-1/2"]
[WhiteElo "2300"]
[BlackElo "2270"]

1.d4 Nf6 2.c4 g6 3.Nc3 Bg7 4.Nf3 O-O 5.e4 d6 6.Be2 e5 7.O-O Nc6 8.d5 Ne7
9.Ne1 Ne8 10.f3 f5 11.g4 Bf6 12.Be3 fxg4 13.fxg4 g5 14.Bf3 Ng6 15.Ne2 Nf4
16.Ng3 Kh8 17.Kh1 b6 18.b4 Bd7 19.c5 Ng7 20.Rc1 Qe8 21.c6 Bc8 22.a4 a5 23.b5 Qg6
24.Ng2 Bd8 25.Bd2 Ne8 26.Ne3 Nf6  1/2-1/2

[Event "ESP-chT"]
[Site "?"]
[Date "1993.??.??"]
[Round "?"]
[White "Franco Ocampo, Zenon"]
[Black "Gallego, Victoriano"]
[Result "1/2-1/2"]
[WhiteElo "2480"]
[BlackElo "2365"]

1.d4 Nf6 2.Nf3 g6 3.c4 Bg7 4.Nc3 d6 5.e4 O-O 6.Be2 e5 7.O-O Nc6 8.d5 Ne7
9.Ne1 Nd7 10.Be3 f5 11.f3 f4 12.Bf2 g5 13.a4 Ng6 14.a5 h5 15.Nb5 a6 16.Na7 Nf6
17.Nxc8 Qxc8 18.h3 Nh8 19.Nd3 Nf7 20.c5 Nh6 21.cxd6 cxd6 22.Rc1 Qd7 23.Bb6 Rac8
24.Nf2 Rxc1 25.Qxc1 Rc8 26.Qd2 Bf8 27.b4 Be7 28.b5 axb5 29.Rb1 Bd8 30.Bxb5 Qe7
31.Rc1 Ra8 32.Qc3 Nd7 33.Bxd7 Qxd7 34.Qb4 Nf7 35.Nd3 Rc8 36.Rxc8 Qxc8 37.Bxd8 Qxd8
38.Nb2 Qc7 39.Nc4 Kg7 40.Kf2 Kf6 41.Ke2 Qd7 42.Kd2 Qc7 43.Kd3 Ke7 44.Kc3 Kd8
45.Kb3 Ke7 46.Kc3 Kd8 47.Kd3 Ke7 48.Qb6 Qxb6 49.axb6 Kd7 50.Na5  1/2-1/2

[Event "Eupen op"]
[Site "Eupen"]
[Date "1993.??.??"]
[Round "2"]
[White "Becker, Dieter"]
[Black "Kupreichik, Viktor D"]
[Result "1/2-1/2"]
[WhiteElo "2215"]
[BlackElo "2560"]

1.d4 Nf6 2.c4 d6 3.Nc3 g6 4.e4 Bg7 5.Be2 O-O 6.Nf3 e5 7.O-O Nc6 8.d5 Ne7
9.Ne1 Ne8 10.Be3 f5 11.f3 f4 12.Bf2 h5 13.a4 g5 14.a5 Rf6 15.c5 Rg6 16.cxd6 Nxd6
17.Nb5 g4 18.Nxd6 cxd6 19.Bh4 gxf3 20.Bxf3 Bg4 21.Nd3 Qd7 22.Qa4 Qxa4 23.Rxa4 Bf6
24.Bxf6 Rxf6 25.Rb4 Rb8 26.Rc1 Rf7 27.Rc7 Ng6 28.Rxf7 Kxf7 29.Rc4 Ke8 30.Rc7 Ne7
31.Bxg4 hxg4 32.Nf2 g3 33.hxg3 fxg3 34.Nh1 Kd8 35.Rc3 b6 36.axb6 Rxb6 37.b3 Ng6
38.Nxg3 Nf4 39.Kf2 Ra6 40.Nf5 Ra2+ 41.Kf3 Nxg2 42.Nxd6 Ne1+ 43.Kg4 Rf2 44.Nb7+ Kd7
45.Nc5+ Ke7 46.Ne6 Kf6 47.Rc6 Rg2+ 48.Kh3 Rd2 49.Ra6 Nd3 50.Rxa7 Nf2+ 51.Kh4 Nxe4
52.Nc7 Kf5 53.Kh3 Rd3+ 54.Kg2 Rg3+ 55.Kf1 Rxb3 56.Ne8 Rb1+ 57.Kg2 Rd1 58.Rf7+ Kg5
59.Rg7+ Kf4 60.Rf7+ Ke3 61.Rf3+ Kd4 62.d6 Rd2+ 63.Kf1 Kc5 64.Re3 Rd4 65.Ng7  1/2-1/2

[Event "Eupen op"]
[Site "Eupen"]
[Date "1993.??.??"]
[Round "5"]
[White "Kishnev, Sergey"]
[Black "Thiede, Lars"]
[Result "1-0"]
[WhiteElo "2510"]
[BlackElo "2250"]

1.d4 Nf6 2.c4 g6 3.Nc3 Bg7 4.e4 d6 5.Nf3 O-O 6.Be2 e5 7.O-O Nc6 8.d5 Ne7
9.Nd2 c5 10.Rb1 Bh6 11.b4 cxb4 12.Rxb4 Nd7 13.g3 f5 14.exf5 Nxf5 15.Nde4 Bxc1
16.Qxc1 Nc5 17.Nxc5 dxc5 18.Rb2 Nd4 19.Kg2 Bf5 20.Re1 Qd7 21.Qh6 Rae8 22.Bd1 Re7
23.Ne4 b6 24.h3 Bxe4+ 25.Rxe4 Qf5 26.Qe3 Qf6 27.a4 Nf5 28.Qc3 h5 29.a5 bxa5
30.Ra2 Kh7 31.Qxa5 Nxg3 32.Kxg3 Qg5+ 33.Kh2 Rf4 34.Qd2 Ref7 35.Rxf4 Rxf4
36.d6 Qf6 37.Rxa7+ Kh8 38.Kg1 Qg5+ 39.Kf1 Qf5 40.Qe3 g5 41.d7 Rd4 42.Ra8+  1-0

[Event "Farum op"]
[Site "Farum"]
[Date "1993.??.??"]
[Round "7"]
[White "Akesson, Ralf"]
[Black "Borge, Nikolaj"]
[Result "1-0"]
[WhiteElo "2465"]
[BlackElo "2405"]

1.Nf3 Nf6 2.c4 g6 3.Nc3 Bg7 4.e4 d6 5.d4 O-O 6.Be2 e5 7.O-O Nc6 8.d5 Ne7
9.Ne1 Ne8 10.Nd3 f5 11.Bd2 Kh8 12.f3 c6 13.Rc1 Nf6 14.Nf2 Nh5 15.g3 b5 16.cxb5 cxd5
17.Nxd5 Nxd5 18.exd5 Bb7 19.Bc4 e4 20.fxe4 f4 21.g4 f3 22.gxh5 Qh4 23.Nh1 Be5
24.Rf2 gxh5 25.Bc3 Qg5+ 26.Kf1 Bc8 27.Bxe5+ dxe5 28.Rc3 Bh3+ 29.Ke1 Rf4 30.Rcxf3 Rxe4+
31.Be2 Qg1+ 32.Kd2 Rd4+ 33.Rd3 Qg5+ 34.Kc2 Bf5 35.Rxf5 Qxf5 36.Ng3 Qg6 37.Kb3 h4
38.Rxd4 exd4 39.Qxd4+ Kg8 40.Ne4  1-0

[Event "Farum op"]
[Site "Farum"]
[Date "1993.??.??"]
[Round "8"]
[White "Ahlander, Bjorn"]
[Black "Antonsen, Mikkel"]
[Result "0-1"]
[WhiteElo "2415"]
[BlackElo "2385"]

1.d4 Nf6 2.c4 g6 3.Nc3 Bg7 4.e4 d6 5.Be2 O-O 6.Nf3 e5 7.O-O Nc6 8.d5 Ne7
9.Ne1 Nd7 10.Nd3 f5 11.Bd2 Nb6 12.b3 fxe4 13.Nxe4 Bf5 14.Ng3 c6 15.dxc6 Nxc6
16.Rc1 Nd4 17.Nxf5 gxf5 18.Nb4 Qh4 19.Rc3 a5 20.Nc2 Nxe2+ 21.Qxe2 d5 22.c5 Nd7
23.Qb5 Nf6 24.Qxb7 f4 25.c6 Ne4 26.Rh3 Qf6 27.Qb5 Qe6 28.Rd3 d4 29.Re1 Rfb8
30.Qc4 Qxc4 31.bxc4 Nxd2 32.Rxd2 Rb2 33.Red1 Rc8 34.Ne1 Rxd2 35.Rxd2 Rxc6
36.f3 Rxc4 37.Nd3 Rc3 38.Kf2 a4 39.Ke2 a3 40.Kf2 Kf7 41.Nb4 Bf8 42.Nd3 Ke6
43.Ke2 Kd5 44.Kd1 Bd6 45.Ke2 Bf8 46.Kd1 h5 47.Ke2 h4 48.h3 Bd6 49.Kd1 Kc4
50.Nf2 Bb4 51.Ng4 Re3 52.Rc2+ Bc3 53.Re2 Rxe2 54.Kxe2 d3+ 55.Kd1 Bd4 56.Kd2 Be3+
57.Kd1 Kd4 58.Nf6 Kc3 59.Nd5+ Kb2 60.Nb4 d2 61.Ke2 Bc5  0-1

[Event "Florida Valle op"]
[Site "Florida Valle"]
[Date "1993.??.??"]
[Round "4"]
[White "Garcia, Raimundo"]
[Black "Burijovich, Liliana"]
[Result "1-0"]
[WhiteElo "2375"]
[BlackElo "2205"]

1.c4 Nf6 2.Nf3 g6 3.Nc3 Bg7 4.e4 d6 5.d4 O-O 6.Be2 e5 7.O-O Nc6 8.d5 Ne7
9.Ne1 Nd7 10.Be3 f5 11.f3 f4 12.Bf2 h5 13.a4 g5 14.a5 Ng6 15.Nb5 Nf6 16.Nxa7 g4
17.Nxc8 g3 18.hxg3 fxg3 19.Bxg3 Rxc8 20.Ra3 h4 21.Bh2 Nh5 22.f4 Nhxf4 23.Bg4 Ra8
24.b4 Qg5 25.g3 hxg3 26.Rxg3 Qh6 27.Nc2 b6 28.axb6 cxb6 29.Qb1 Qh4 30.Qb3 Rf7
31.Ne3 Rfa7 32.Nf5 Qh7 33.Rc3 Ra2 34.Rc2 R2a3 35.Qb1 Bf8 36.Qd1 R8a4 37.Bg3 Rxb4
38.Rh2 Qc7 39.Bh5 Rbb3 40.Bxf4 Nxf4 41.Qg4+ Bg7 42.Kh1 Rh3 43.Rg1 Rxh2+ 44.Kxh2 Ra2+
45.Kh1 Nxh5 46.Qxh5 Kf8 47.Nxg7 Qxg7 48.Rxg7 Kxg7 49.Qf5  1-0

[Event "Forli op"]
[Site "Forli"]
[Date "1993.??.??"]
[Round "1"]
[White "Rodighiero, Giuseppe"]
[Black "Belotti, Bruno"]
[Result "0-1"]
[WhiteElo "2190"]
[BlackElo "2410"]

1.d4 Nf6 2.Nf3 g6 3.c4 Bg7 4.Nc3 O-O 5.e4 d6 6.Be2 e5 7.O-O Nc6 8.Be3 Ng4
9.Bg5 f6 10.Bc1 Nh6 11.dxe5 dxe5 12.Qd5+ Kh8 13.Rd1 Qe8 14.Be3 Rf7 15.Ne1 Ng4
16.Bxg4 Bxg4 17.f3 Be6 18.Qb5 b6 19.Nd5 f5 20.Nc2 Na5 21.Qxe8+ Rxe8 22.b3 Nc6
23.Nc3 f4 24.Bf2 g5 25.h3 h5 26.Kf1 Kh7 27.Rd2 Kg6 28.Rad1 g4 29.hxg4 hxg4
30.Nd5 Rh8 31.Bg1 Bf8 32.b4 Rh1 33.a3 Rfh7 34.Ke2 Bh6 35.Rf1 Bg5 36.Ne1 g3
37.c5 Nd8 38.cxb6 axb6 39.Nxc7 Rxc7 40.Bxb6 Rxf1 41.Kxf1 Rc1 42.Ke2 Bc4+
43.Nd3 Nc6  0-1

[Event "Forli op"]
[Site "Forli"]
[Date "1993.??.??"]
[Round "3"]
[White "Rodighiero, Giuseppe"]
[Black "Lurje, Pawel"]
[Result "1-0"]
[WhiteElo "2190"]
[BlackElo "2100"]

1.d4 Nf6 2.Nf3 g6 3.c4 Bg7 4.Nc3 d6 5.e4 O-O 6.Be2 e5 7.O-O Nc6 8.Be3 Ng4
9.Bg5 f6 10.Bc1 Kh8 11.d5 Ne7 12.Ng5 Nh6 13.Ne6 Bxe6 14.dxe6 c6 15.f4 f5
16.fxe5 Qb6+ 17.Kh1 dxe5 18.Bxh6 Bxh6 19.Qd6 Rae8 20.Rab1 Bg7 21.c5 Qd8 22.Rbd1 f4
23.b4 Ng8 24.Bc4 Qh4 25.Qc7 Nh6 26.Be2 Rxe6 27.Rd7 Rg8 28.Rxg7  1-0

[Event "Forli op"]
[Site "Forli"]
[Date "1993.??.??"]
[Round "5"]
[White "Nemet, Ivan"]
[Black "Belotti, Bruno"]
[Result "1/2-1/2"]
[WhiteElo "2410"]
[BlackElo "2410"]

1.d4 Nf6 2.c4 g6 3.Nc3 Bg7 4.e4 d6 5.Nf3 O-O 6.Be2 e5 7.O-O Nc6 8.d5 Ne7
9.Nd2 a5 10.a3 Nd7 11.Rb1 f5 12.b4 Kh8 13.Qc2 Ng8 14.f3 Ngf6 15.Bd3 f4 16.c5 dxc5
17.Nb5 b6 18.bxa5 Rxa5 19.Nc4 Ra8 20.a4 Ne8 21.a5 bxa5 22.Bd2 a4 23.Nba3 h5
24.Rb5 g5 25.Be2 Rg8 26.Bc3 Qf6 27.Rfb1 Qg6 28.Ra5 Rxa5 29.Nxa5 g4 30.Nc6 Qg5
31.Na7 Nd6 32.Nxc8 Rxc8 33.Qxa4 gxf3 34.Bxf3 Nf6 35.Re1 Ng4 36.Re2 Ne3 37.Be1 Qg6
38.Qc6 Kh7 39.Nb5 Nxb5 40.Qxb5 Qb6 41.Qd7 Ra8 42.Bxh5 c4 43.Kh1 Ra1 44.Bg4 Qg6
45.Bf5 Nxf5 46.exf5 Qf6 47.Qxc7 Qh4 48.Qa5 Rxa5 49.Bxh4 Bf6 50.Be1 Rxd5 51.h3 Kh6
52.Kh2 Kg5 53.Rc2 Rc5 54.g4 fxg3+ 55.Kxg3 Kxf5 56.Rf2+ Ke6 57.Bc3 Rd5 58.Kg4 Rd3
59.Rc2 Kd5 60.h4 Rd1 61.h5 Rg1+ 62.Kf5 Rf1+ 63.Kg6 Ke6 64.Bxe5 Bxe5 65.Rxc4 Rg1+
66.Kh7 Rg7+ 67.Kh6 Rg8 68.Kh7 Kf7 69.Kh6 Kf6 70.Kh7 Rg7+ 71.Kh6 Rg8 72.Kh7 Rg7+
73.Kh6 Ra7 74.Rc6+  1/2-1/2

[Event "FRA"]
[Site "FRA"]
[Date "1993.??.??"]
[Round "?"]
[White "Touzane, Olivier"]
[Black "Rocher, Oliver"]
[Result "0-1"]
[WhiteElo "2200"]
[BlackElo "2195"]

1.d4 Nf6 2.c4 g6 3.Nc3 Bg7 4.e4 d6 5.Be2 O-O 6.Nf3 e5 7.O-O Nc6 8.d5 Ne7
9.Nd2 c5 10.Rb1 Bh6 11.b4 b6 12.bxc5 bxc5 13.Nb3 Bxc1 14.Qxc1 Rb8 15.f4 Nd7
16.Nb5 Qb6 17.a4 a5 18.f5 f6 19.Qh6 Rf7 20.Rf3 Ba6 21.Rg3 Rg7 22.Bh5 g5 23.h4 Kh8
24.Bg6 Nxg6 25.hxg5 Nf4 26.Kf2 fxg5 27.Rh1 Bxb5 28.Rxg5 Rbg8 29.axb5 a4 30.g3 axb3
31.f6 Rf7 32.Rxg8+ Kxg8 33.gxf4 Nxf6 34.Qg5+ Kh8 35.Qf5 Nxe4+ 36.Qxe4 Rxf4+
37.Qxf4 exf4 38.Rb1 Qa5 39.b6 Qxb6 40.Kf3 Qb4  0-1

[Event "FRA"]
[Site "FRA"]
[Date "1993.??.??"]
[Round "?"]
[White "Laclau, Daniel"]
[Black "Nataf, Igor Alexandre"]
[Result "1/2-1/2"]
[WhiteElo "2240"]
[BlackElo "2090"]

1.c4 g6 2.Nc3 Bg7 3.d4 Nf6 4.e4 d6 5.Be2 O-O 6.Nf3 e5 7.O-O Nc6 8.d5 Ne7
9.Ne1 Nd7 10.Nd3 f5 11.Bd2 Nf6 12.f3 f4 13.c5 g5 14.cxd6 cxd6 15.Nf2 h5 16.h3 Ng6
17.Qc2 Rf7 18.Rfc1 Bf8 19.Nb5 Ne8 20.a4 Rg7 21.Ra3 a6 22.Rc3 Bd7 23.Nc7 Nxc7
24.Rxc7 Rb8 25.a5 Be7 26.Qb3 g4 27.fxg4 Bh4 28.Be1 Nf8 29.Qb6 Qf6 30.Qa7 Qd8
31.Qb6 Qf6 32.Bb4 Rg6 33.Be1 Qg5 34.R1c3 Bg3 35.Rxb7 Rxb7 36.Qxb7 Qh4 37.Qb6 hxg4
38.Rxg3 fxg3 39.Nxg4 Nh7 40.Qe3 Bxg4 41.Bxg4 Nf6 42.Bf5 Rg7 43.b4 Qf4 44.Qxf4 exf4
45.Kf1 Re7 46.Bd2 Nxe4 47.Bxf4 Nd2+ 48.Bxd2 Rf7 49.Ke2 Rxf5 50.Be1 Re5+  1/2-1/2

[Event "FRA"]
[Site "FRA"]
[Date "1993.??.??"]
[Round "?"]
[White "Bouton, Christophe"]
[Black "Rocher, Oliver"]
[Result "1/2-1/2"]
[WhiteElo "2210"]
[BlackElo "2195"]

1.d4 Nf6 2.c4 g6 3.Nc3 Bg7 4.e4 d6 5.Be2 O-O 6.Nf3 e5 7.O-O Nc6 8.d5 Ne7
9.Nd2 c5 10.a3 a6 11.b4 Nd7 12.bxc5 Nxc5 13.Nb3 b6 14.Rb1 Bd7 15.Bd2 Qc7
16.Qc2 Rab8 17.Nxc5 bxc5 18.Bg5 f6 19.Bd2 Kh8 20.Rxb8 Rxb8 21.Rb1 Ng8 22.Rb2 Bh6
23.Bxh6 Nxh6 24.Qb1 Rxb2 25.Qxb2 Nf7 26.Kf1 Kg7 27.Ke1 Nd8 28.Bd1 Qb7 29.Qb3 Kf7
30.Kd2 Ke7 31.g3 Qxb3 32.Bxb3 Nb7 33.Nd1 Na5 34.Kc3 Bg4 35.Ne3 Bf3 36.Bc2 Be2
37.Bd1 Bxd1 38.Nxd1 f5 39.f3 Kf6 40.h4 fxe4 41.fxe4 Nb7 42.Nf2 h6 43.Ng4+ Kg7
44.Ne3 h5 45.Kb3 Kf6 46.Ka4 Ke7 47.Nd1 Kd7 48.Nf2 Kc7 49.Nh3 Kb6 50.Kb3 Na5+
51.Kc3 Nb7 52.Ng5 Nd8 53.Kc2 Ka5 54.Kb3 Kb6 55.Nh7 Nf7 56.Nf6 Ka5 57.Ne8 Kb6
58.Ka4 a5 59.Kb3 Kb7 60.Ka4 Ka6 61.Kb3 Kb7 62.Kc2 Kc8 63.Kb3  1/2-1/2

[Event "Gausdal MI9394"]
[Site "Gausdal"]
[Date "1993.??.??"]
[Round "2"]
[White "Ostenstad, Berge"]
[Black "Djurhuus, Rune"]
[Result "0-1"]
[WhiteElo "2465"]
[BlackElo "2460"]

1.d4 Nf6 2.Nf3 g6 3.c4 Bg7 4.Nc3 O-O 5.e4 d6 6.Be2 e5 7.O-O Nc6 8.d5 Ne7
9.Nd2 a5 10.Rb1 Bd7 11.a3 a4 12.b4 axb3 13.Nxb3 b6 14.Ra1 Ne8 15.a4 c5 16.dxc6 Bxc6
17.Be3 f5 18.f3 Nf6 19.Qd3 Nh5 20.g3 Nc8 21.Bd2 Kh8 22.exf5 gxf5 23.f4 Nf6
24.fxe5 dxe5 25.Qxf5 Ne4 26.Qe6 Nxd2 27.Qxc6 Na7 28.Qxa8 Qxa8 29.Nxd2 e4
30.Rxf8+ Qxf8 31.Ndxe4 Bxc3 32.Nxc3 Nc6 33.Rd1 Qc5+ 34.Kg2 Qe5 35.Rd3 Nb4
36.Rf3 Nc2 37.Kf2 Qd4+ 38.Kf1 Ne3+ 39.Kf2 Nd1+  0-1

[Event "Troll Masters"]
[Site "Gausdal"]
[Date "1993.??.??"]
[Round "4"]
[White "Blees, Albert"]
[Black "Grivas, Efstratios"]
[Result "0-1"]
[WhiteElo "2405"]
[BlackElo "2485"]

1.d4 Nf6 2.c4 g6 3.Nc3 Bg7 4.e4 d6 5.Nf3 O-O 6.Be2 e5 7.O-O Nc6 8.d5 Ne7
9.Bg5 Nh5 10.Ne1 Nf4 11.Nd3 Nxe2+ 12.Qxe2 h6 13.Be3 f5 14.f3 f4 15.Bf2 g5
16.c5 Ng6 17.Rac1 Bd7 18.b4 h5 19.b5 g4 20.Kh1 b6 21.cxd6 cxd6 22.a4 Rf7
23.Na2 Bf8 24.Nab4 Rg7 25.Na6 Rc8 26.Rc6 gxf3 27.gxf3 Bxc6 28.bxc6 Be7 29.Rb1 Bh4
30.Bg1 Qg5 31.a5 bxa5 32.Qf1 Ne7 33.Qh3 Kh7 34.Bxa7 Rcg8 35.Nc7 Qg2+ 36.Qxg2 Rxg2
37.Rb2 R2g6 38.Rb1 Rg2 39.Rb2 R2g6 40.Rb1 Nc8 41.Bf2 Bxf2 42.Nxf2 Ne7 43.Nh3 Kh6
44.Rb7 Rg2  0-1

[Event "Troll Masters"]
[Site "Gausdal"]
[Date "1993.??.??"]
[Round "7"]
[White "Gausel, Einar"]
[Black "Grivas, Efstratios"]
[Result "0-1"]
[WhiteElo "2485"]
[BlackElo "2485"]

1.Nf3 Nf6 2.c4 g6 3.Nc3 Bg7 4.e4 d6 5.d4 O-O 6.Be2 e5 7.O-O Nc6 8.d5 Ne7
9.Nd2 a5 10.Rb1 Bd7 11.b3 c5 12.a3 Ne8 13.b4 axb4 14.axb4 b6 15.bxc5 bxc5
16.Nb3 f5 17.Bg5 Nf6 18.Qc2 h6 19.Bxf6 Bxf6 20.Ra1 Qb6 21.Rfb1 Rxa1 22.Rxa1 Rb8
23.Nb5 Kg7 24.h3 Bg5 25.Ra5 fxe4 26.Qxe4 Rf8 27.Bg4 Nf5 28.Qb1 Rf7 29.Qa2 Bxb5
30.Rxb5 Qa7 31.Ra5 Qc7 32.Bxf5 gxf5 33.Qa4 e4 34.Ra8 Qb7 35.h4 Bxh4 36.Qe8 Qxb3
37.Qg8+ Kf6 38.Re8 Re7 39.Qf8+ Kg6 40.Qg8+ Rg7 41.Re6+ Bf6 42.Qe8+ Kg5 43.Qf8 Qc3
44.Qxd6 Ra7 45.Qb8 Qe1+ 46.Kh2 Qxf2  0-1

[Event "Peer Gynt"]
[Site "Gausdal"]
[Date "1993.??.??"]
[Round "8"]
[White "Savchenko, Stanislav"]
[Black "Degerman, Lars"]
[Result "1-0"]
[WhiteElo "2530"]
[BlackElo "2460"]

1.d4 Nf6 2.c4 g6 3.Nc3 Bg7 4.e4 d6 5.Nf3 O-O 6.Be2 e5 7.O-O Nc6 8.d5 Ne7
9.Bg5 Nh5 10.Ne1 Nf4 11.Nd3 Nxe2+ 12.Qxe2 h6 13.Bd2 f5 14.f4 fxe4 15.Nxe4 Nf5
16.Bc3 Nd4 17.Qd2 Qh4 18.Ng3 Bf5 19.fxe5 dxe5 20.Rae1 Rae8 21.Nxf5 Rxf5 22.Rxf5 Nxf5
23.Nf4 Nd6 24.Ne6 Qxc4 25.Nxg7 Kxg7 26.Bxe5+ Kh7 27.Rc1 Qh4 28.Rxc7+ Kg8
29.g3 Qh5 30.Rg7+ Kf8 31.Qf4+ Nf5 32.g4 Qh4 33.Qb4+ Re7 34.Rxe7 a5 35.Qe4 Nxe7
36.Bd6 Qf6 37.Ba3 Kf7 38.Kg2 Nc8 39.Qc4  1-0

[Event "Troll Masters"]
[Site "Gausdal"]
[Date "1993.??.??"]
[Round "8"]
[White "King, Daniel J"]
[Black "Grivas, Efstratios"]
[Result "1/2-1/2"]
[WhiteElo "2500"]
[BlackElo "2485"]

1.c4 g6 2.d4 Bg7 3.e4 d6 4.Nc3 Nf6 5.Be2 O-O 6.Nf3 e5 7.O-O Nc6 8.d5 Ne7
9.b4 Nh5 10.g3 f5 11.Ng5 Nf6 12.f3 a5 13.bxa5 Rxa5 14.Qb3 b6 15.Ne6 Bxe6
16.dxe6 Kh8 17.Bd3 Nfg8 18.Nd5 Nc8 19.Bd2 Ra7 20.Qb5 h6 21.a4 Nge7 22.Qb1  1/2-1/2

[Event "Gausdal Int"]
[Site "Gausdal"]
[Date "1993.??.??"]
[Round "9"]
[White "Ostenstad, Berge"]
[Black "Hermansson, Emil"]
[Result "1-0"]
[WhiteElo "2465"]
[BlackElo "2205"]

1.d4 Nf6 2.Nf3 g6 3.c4 Bg7 4.Nc3 O-O 5.e4 d6 6.Be2 e5 7.O-O Nc6 8.d5 Ne7
9.Nd2 a5 10.a3 Nd7 11.Rb1 f5 12.b4 Kh8 13.Qc2 Ng8 14.f3 Bh6 15.c5 dxc5 16.bxc5 Nxc5
17.Bb2 Bg7 18.Nb5 b6 19.Nc4 Qe7 20.a4 Nh6 21.Ba3 Bd7 22.Nxc7 Bxa4 23.Qxa4 Qxc7
24.Qb5 Rab8 25.Nxb6 Rfc8 26.Qxa5 Bf8 27.Rfc1 fxe4 28.fxe4 Ra8 29.Rxc5 Bxc5+
30.Qxc5 Qb8 31.Qxc8+  1-0

[Event "GER CupT"]
[Site "Germany"]
[Date "1993.??.??"]
[Round "?"]
[White "Boehle, Lars"]
[Black "Kleinschmidt, Felix"]
[Result "1-0"]
[WhiteElo "2345"]
[BlackElo "2255"]

1.d4 Nf6 2.c4 g6 3.Nc3 Bg7 4.e4 d6 5.Be2 O-O 6.Nf3 e5 7.O-O Nc6 8.d5 Ne7
9.Nd2 c5 10.Rb1 Ne8 11.b4 b6 12.bxc5 bxc5 13.Qa4 f5 14.Nb3 a5 15.Bd2 Bd7
16.Qa3 a4 17.Nc1 fxe4 18.Nxe4 Nf5 19.Bd3 Nf6 20.Ne2 Nxe4 21.Bxe4 Qh4 22.Qd3 Rf7
23.Rb6 Raf8 24.f3 Bh6 25.Nc3 Rf6 26.Rb7 R8f7 27.Ra7 Nd4 28.Bxh6 Qxh6 29.Nxa4 Qg5
30.Kh1 Nf5 31.Nc3 Ne3 32.Rg1 Nf5 33.Ra8+ Kg7 34.Ne2 Qh6 35.Rb1 g5 36.Rbb8 Ne7
37.Qe3 Qh4 38.Ng1 Rh6 39.h3 Qg3 40.Rb1 Bf5 41.Ra7 Bxe4 42.Qxe4 Rh4 43.Qc2 Qf4
44.Rbb7 Kf6 45.Qa4 Qxc4 46.Qe8 Qxd5 47.Rxe7 Rxe7 48.Qxe7+ Kf5 49.Qf8+  1-0

[Event "GER CupT"]
[Site "Germany"]
[Date "1993.??.??"]
[Round "?"]
[White "Ftacnik, Lubomir"]
[Black "Joecks, Christian"]
[Result "1/2-1/2"]
[WhiteElo "2535"]
[BlackElo "2375"]

1.d4 Nf6 2.Nf3 g6 3.c4 Bg7 4.Nc3 O-O 5.e4 d6 6.Be2 e5 7.O-O Nc6 8.d5 Ne7
9.Bg5 Ne8 10.Nd2 h6 11.Be3 f5 12.f3 f4 13.Bf2 g5 14.c5 dxc5 15.Bxc5 Rf6 16.Nc4 Rg6
17.d6 cxd6 18.Nb5 Nc6 19.Ncxd6 Nxd6 20.Nxd6 Bf8 21.Qb3+ Kh7 22.Qf7+ Rg7 23.Qd5 Rg6
24.Qf7+ Rg7 25.Qd5 Rg6 26.Rfd1 Be6 27.Qd3 Qc7 28.Qc3 Nd4 29.Bxd4 Bxd6 30.Qxc7+ Bxc7
31.Bf2 Rg7 32.b3 Kg6 33.Rac1 Kf6 34.Kf1 a6 35.Bc4 Rd8 36.Rxd8 Bxd8 37.Bxe6 Kxe6
38.Rc8 Kd7 39.Rc5 Ke6 40.Rc8 Kd7 41.Rb8 Kc7 42.Ra8 Kd7 43.Be1 Rg6 44.Rb8 Kc7
45.Ra8 Kd7 46.Rb8 Kc7 47.Ra8  1/2-1/2

[Event "Oberliga Ost B9293"]
[Site "Germany"]
[Date "1993.??.??"]
[Round "?"]
[White "Starke, Dieter"]
[Black "Beck, Daniel"]
[Result "1/2-1/2"]
[WhiteElo "2280"]
[BlackElo "2200"]

1.d4 Nf6 2.c4 g6 3.Nc3 Bg7 4.Nf3 O-O 5.e4 d6 6.Be2 e5 7.O-O Nc6 8.d5 Ne7
9.b4 Nh5 10.Nd2 Nf4 11.Bf3 a5 12.bxa5 Nd3 13.Nb3 Nxc1 14.Rxc1 Bh6 15.Rc2 f5
16.Nb5 fxe4 17.Bxe4 Nf5 18.Qd3 Rf7 19.a4 Qf8 20.g3 Ng7 21.c5 Bh3 22.Re1 Ne8
23.cxd6 cxd6 24.Bg2 Bf5 25.Be4 Bh3 26.Bg2 Bf5 27.Be4 Bh3  1/2-1/2

[Event "NRW-Liga I 9293"]
[Site "Germany"]
[Date "1993.??.??"]
[Round "?"]
[White "Belov, Igor"]
[Black "Mrva, Martin"]
[Result "1-0"]
[WhiteElo "2440"]
[BlackElo "2365"]

1.Nf3 Nf6 2.c4 g6 3.Nc3 Bg7 4.e4 d6 5.d4 O-O 6.Be2 e5 7.O-O Nc6 8.d5 Ne7
9.Bg5 Nh5 10.Ne1 f6 11.Bxh5 fxg5 12.Bg4 h5 13.Bxc8 Qxc8 14.Nd3 Bh6 15.c5 g4
16.a4 a6 17.a5 Rf7 18.Na4 Qd8 19.Ra3 Nc8 20.Rb3 Rb8 21.c6 b5 22.axb6 cxb6
23.Nc3 b5 24.Qe2 Qa5 25.Ra3 Qb6 26.Rfa1 Ra8 27.Ra5 Raa7 28.Nd1 Rf8 29.R1a2 Ne7
30.b3 Kh7 31.Nb4 Rfa8 32.g3 Ng8 33.Kg2 Bg5 34.Qd3 Nf6 35.c7 Rxc7 36.Rxa6 Rxa6
37.Rxa6 Qd4 38.Qxd4 exd4 39.Rxd6 Nxe4 40.Re6 Nd2 41.Nd3 Nxb3 42.d6 Rf7 43.Ne5 Nc5
44.Re8 Rf5 45.d7 Kg7 46.f4 gxf3+ 47.Nxf3 Nxd7 48.Nxg5 Nc5 49.Nf3 d3 50.Re5 Rxe5
51.Nxe5 Kf6 52.Nf3 b4 53.Kf2 g5 54.Ke3 h4 55.g4 Ke6 56.Nxg5+ Kd5 57.Nf3 h3
58.Nb2 b3 59.Nxd3 Na4 60.Nd2 b2 61.g5 Ke6 62.Kf4 Kf7 63.Kg4 Kg6 64.Nb1 Nb6
65.Nxb2 Nd7 66.Nc4 Kf7 67.Kxh3 Ke6 68.Kg4 Kd5 69.Nbd2  1-0

[Event "NRW-Liga II 9293"]
[Site "Germany"]
[Date "1993.??.??"]
[Round "?"]
[White "Kishnev, Sergey"]
[Black "Rohde, Ulrich"]
[Result "1-0"]
[WhiteElo "2510"]
[BlackElo "2285"]

1.d4 Nf6 2.c4 g6 3.Nc3 Bg7 4.e4 d6 5.Be2 O-O 6.Nf3 e5 7.O-O Nc6 8.d5 Ne7
9.Nd2 c5 10.Rb1 Ne8 11.b4 b6 12.bxc5 bxc5 13.Nb3 Kh8 14.Bg5 f6 15.Bh4 f5
16.exf5 gxf5 17.Nxc5 dxc5 18.d6 Nxd6 19.Nd5 Re8 20.Nxe7 Rxe7 21.Qd5 Bb7 22.Rxb7 Nxb7
23.Qxd8+ Rxd8 24.Bxe7 Rd2 25.Bh5 e4 26.Rb1 Rxa2 27.g4 Ra1 28.Rxa1 Bxa1 29.Bf7 Bd4
30.gxf5 Kg7 31.Bd5 Na5 32.f6+ Bxf6 33.Bxc5 a6 34.Bb6 Nb3 35.c5 Nd4 36.c6 Nb5
37.c7 Nd6 38.Bxe4 Nc8 39.Ba5  1-0

[Event "Hessenliga"]
[Site "Germany"]
[Date "1993.??.??"]
[Round "?"]
[White "Lex, Christoph"]
[Black "Weber, Ulrich"]
[Result "1/2-1/2"]
[WhiteElo "2245"]
[BlackElo "2320"]

1.d4 Nf6 2.Nf3 g6 3.c4 Bg7 4.Nc3 O-O 5.e4 d6 6.Be2 e5 7.O-O Nc6 8.d5 Ne7
9.Ne1 Nd7 10.Be3 f5 11.f3 f4 12.Bf2 g5 13.Nb5 b6 14.b4 Rf6 15.c5 a6 16.cxd6 cxd6
17.Nc3 Rh6 18.Nd3 Qe8 19.Be1 Nf6 20.Nf2 Bd7 21.b5 a5 22.Rc1 Rc8 23.a4 Ng6
24.Ng4 Nxg4 25.fxg4 Ne7 26.Bf2 Qd8 27.Nb1 Rf6 28.Nd2 Kh8 29.Nc4 Rb8 30.Qb3 Nc8
31.Rc3 Rf7 32.Rfc1 Qf6 33.Nd2 Kg8 34.Qc4 Rb7 35.Qb3 Qd8 36.Rc6 Kh8 37.Nc4 Bf8
38.Qd3 Kg8 39.Nd2 Rb8 40.Rc7 h5 41.h3 h4  1/2-1/2